000 00284nam a22001097a 4500
008 210707s2005 xx 000 0 und d
041 _aeng
082 _a052 SR
245 _aScience Reporter
260 _bNational Institute of Science Communication.,
_c2005
650 _aPure Sciences
999 _c179529
_d179529